000 00339nam a22001217a 4500
020 _a81-7450-482-6
082 _a510
_bNCE/M
245 _aMATHEMATICS
_bTEXT BOOK FOR CLASS VI
260 _aINDIA
_bNATIONAL COUNCIL OF EDUCATIONAL RESEARCH AND TRAINING
300 _a320
650 _a MATHEMATICS TEXT BOOK FOR CLASS VI
_zINDIA
942 _cBK
999 _c6874
_d6874